Statistics for "Springs" Cities on a Map of Colorado

Click here to take the quiz!

General Stats

  • This quiz has been taken 33 times
  • The average score is 5 of 9

Answers on the Map

Answers color-coded by a green-red scale on the quiz's map according to % correct below.
 

Answer Stats

PopulationCity% Correct
478,961Colorado Springs
96%
13,224Steamboat Springs
79%
9,963Glenwood Springs
75%
1,571Pagosa Springs
71%
1,782Idaho Springs
68%
4,858Manitou Springs
68%
687Hot Sulphur Springs
39%
925Poncha Springs
25%
315Olney Springs
21%

Score Distribution

Percentile by Number Answered

Percent of People with Each Score

Your Score History

You have not taken this quiz